000
00297nam a22001337a 4500
008
190205b xxu||||| |||| 00| 0 eng d
020
_a
0697081699
041
_a
eng
080
_2
3rd
_a
338
100
_a
52
101
_a
MNG
245
_a
Elements of Systems Analysis
_c
Gore, M
942
_2
udc
_c
BK
999
_c
54073
_d
54073